It looks like you're offline.
Open Library logo
additional options menu

MARC Record from marc_columbia

Record ID marc_columbia/Columbia-extract-20221130-001.mrc:11665132:1271
Source marc_columbia
Download Link /show-records/marc_columbia/Columbia-extract-20221130-001.mrc:11665132:1271?format=raw

LEADER: 01271cam a2200361 i 4500
001 9408
005 20220518182255.0
008 790927t19781978nju 001 0 eng
010 $a 77028983
020 $a0131101633
035 $a(OCoLC)3608698
035 $a(OCoLC)ocm03608698
035 $a(CStRLIN)NYCG12260495-B
035 $9AAA9723CU
035 $a(NNC)9408
035 $a9408
050 00 $aQA76.73.C15$bK47
082 0 $a001.6/424
090 $aQA76.73.C15$bK47
100 1 $aKernighan, Brian W.$0http://id.loc.gov/authorities/names/n50044563
245 14 $aThe C programming language /$cBrian W. Kernighan, Dennis M. Ritchie.
260 $aEnglewood Cliffs, N.J. :$bPrentice-Hall,$c[1978], ©1978.
300 $ax, 228 pages ;$c24 cm
336 $atext$2rdacontent
337 $aunmediated$2rdamedia
338 $avolume$2rdacarrier
500 $aIncludes index.
650 0 $aC++ (Computer program language)$0http://id.loc.gov/authorities/subjects/sh87007505
700 1 $aRitchie, Dennis M.,$d1941-2011,$eauthor.$4http://id.loc.gov/vocabulary/relators/aut$0http://id.loc.gov/authorities/names/n77018721
852 00 $boff,eng$hQA76.73.C15$iK47
852 00 $bmat$hQA76.73.C15$iK47
852 00 $bsci$hQA76.73.C15$iK47
852 00 $bsci$hQA76.73.C15$iK47